Influence de la dépréciation monétaire sur la vie juridique privée: études de droit privé
Uloženo v:
| Hlavní autor: | |
|---|---|
| Médium: | Kniha |
| Jazyk: | francouzština |
| Vydáno: |
París
Librairie Générale de Droit et de Jurisprudence
1961
|
| Edice: | Bibliothèque de Droit Privé, 26
|
| Témata: | |
| Tagy: |
Přidat tag
Žádné tagy, Buďte první, kdo vytvoří štítek k tomuto záznamu!
|
MARC
| LEADER | 00000nam a2200000 a 4500 | ||
|---|---|---|---|
| 001 | UCS1115 | ||
| 003 | CL-VaPUC | ||
| 008 | 970509e19610000FR |||||||||||||||||fre|d | ||
| 082 | 0 | 4 | |a 346.02 |b DUR |2 21 |
| 100 | 0 | |a Durand, Paul |e author |9 385225 | |
| 245 | 1 | 0 | |a Influence de la dépréciation monétaire sur la vie juridique privée: études de droit privé |
| 300 | |a 344 p | ||
| 942 | |c BK | ||
| 945 | |d 19970509 00:00:00 |a cmena | ||
| 260 | |a París |b Librairie Générale de Droit et de Jurisprudence |c 1961 | ||
| 650 | 0 | |a Derecho privado |9 258243 | |
| 650 | 0 | |a Inflación |9 257218 | |
| 650 | 0 | |a Obligaciones |9 255578 | |
| 650 | 0 | |a Contratos |9 255153 | |
| 650 | 7 | |a RESPONSABILIDAD CIVIL |2 CL-VaPUC |9 385226 | |
| 650 | 0 | |a Derecho comercial |9 256340 | |
| 650 | 0 | |a Derecho internacional privado |9 256361 | |
| 650 | 0 | |a Patrimonio |9 257770 | |
| 651 | 0 | |a Francia |9 255157 | |
| 583 | |a last modification |c 19970509 00:00:00 |k Rodrigo Vera | ||
| 490 | 0 | |a Bibliothèque de Droit Privé, 26 | |
| 999 | |c 259220 |d 259218 | ||
| 952 | |0 0 |1 0 |4 0 |6 346_020000000000000_DUR_1961 |7 0 |8 A |9 283847 |a BIBDER |b BIBDER |d 2019-11-19 |i 1842927 |o 346.02 DUR 1961 |p 1842927 |r 2023-01-25 |w 2019-11-19 |y BK |k DER | ||